Sống đẹp - Giá trị của cuộc sống

Đã lưu trong:
Sonraí Bibleagrafaíochta
Formáid: Leabhar
Foilsithe: Hà Nội Hà Nội 2017
Ábhair:
Clibeanna: Cuir Clib Leis
Gan Chlibeanna, Bí ar an gcéad duine leis an taifead seo a chlibeáil!
Thư viện lưu trữ: Trung tâm Học liệu Lê Vũ Hùng, Trường Đại học Đồng Tháp
LEADER 00701pam a22002298a 4500
001 00042681
005 20181016161040.0
008 110617s1977 ||||||Viesd
020 # # |a 9786045520550  |c 35000 
041 0 # |a Vie 
082 1 4 |a 158.1  |b S455Đ 
245 1 0 |a Sống đẹp - Giá trị của cuộc sống  |c Nhiều tác giả 
260 # # |a Hà Nội  |b Hà Nội  |c 2017 
300 # # |a 191 tr.  |c 21 cm. 
653 # # |a Bí quyết 
653 # # |a Tâm lý 
653 # # |a Cuộc sống 
653 # # |a Hạnh phúc 
653 # # |a Thành công 
852 # # |j KM.0026673 
910 |d 16/10/2018 
980 # # |a Trung tâm Học liệu Lê Vũ Hùng, Trường Đại học Đồng Tháp